| 000 -LEADER |
| fixed length control field |
00613cam a2200253 4500 |
| 001 - CONTROL NUMBER |
| control field |
4089114 |
| 005 - DATE AND TIME OF LATEST TRANSACTION |
| control field |
20180125091606.0 |
| 008 - FIXED-LENGTH DATA ELEMENTS--GENERAL INFORMATION |
| fixed length control field |
740322t19741973nyua b 001 0 eng |
| 010 ## - LIBRARY OF CONGRESS CONTROL NUMBER |
| LC control number |
73091343 |
| 020 ## - INTERNATIONAL STANDARD BOOK NUMBER |
| International Standard Book Number |
080523540X |
| 040 ## - CATALOGING SOURCE |
| Original cataloging agency |
DLC |
| Transcribing agency |
DLC |
| Modifying agency |
DLC |
| 041 ## - LANGUAGE CODE |
| Language code of text/sound track or separate title |
eng |
| 043 ## - GEOGRAPHIC AREA CODE |
| Geographic area code |
e-uk--- |
| 060 ## - NATIONAL LIBRARY OF MEDICINE CALL NUMBER |
| Classification number |
W275 FA1 M981b 1974 |
| 080 ## - UNIVERSAL DECIMAL CLASSIFICATION NUMBER |
| Universal Decimal Classification number |
362.1 MUR |
| 082 00 - DEWEY DECIMAL CLASSIFICATION NUMBER |
| Classification number |
362.1 MUR |
| 100 1# - Rafti |
| Rafti |
3 |
| 101 ## - Shkurtesa |
| Shkurtesa |
SHM |
| 245 10 - TITLE STATEMENT |
| Title |
Blueprint for health, |
| Statement of responsibility, etc |
by D. Stark Murray. |
| 350 ## - PRICE (NR) (BK AM CF MU VM SE) [OBSOLETE] |
| Price |
$7.50 |
| 504 ## - BIBLIOGRAPHY, ETC. NOTE |
| Bibliography, etc |
Bibliography: p. 216. |
| 906 ## - LOCAL DATA ELEMENT F, LDF (RLIN) |
| a |
7 |
| b |
cbc |
| c |
orignew |
| d |
1 |
| e |
opcn |
| f |
19 |
| g |
y-gencatlg |
| 942 ## - ADDED ENTRY ELEMENTS (KOHA) |
| Source of classification or shelving scheme |
|
| Item type |
Books |